Clinical pathology and diagnostic procedures (Record no. 22650)

MARC details
000 -LEADER
fixed length control field 00470 a2200217 4500
020 ## - NUMERO INTERNATIONAL NORMALISE DES LIVRES
International Standard Book Number 0 7020 0956 3
100 ## - VEDETTE PRINCIPALE - NOM DE PERSONNE
Personal name DOXEY, D.L.
130 ## - VEDETTE PRINCIPALE - TITRE UNIFORME
Language of a work En
260 ## - PUBLICATION, DISTRIBUTION, ETC. (IMPRINT)
Place of publication, distribution, etc Londres
260 ## - PUBLICATION, DISTRIBUTION, ETC. (IMPRINT)
Name of publisher, distributor, etc B. Tindall
245 ## - TITLE STATEMENT
Title Clinical pathology and diagnostic procedures
260 ## - PUBLICATION, DISTRIBUTION, ETC. (IMPRINT)
Date of publication, distribution, etc 1983
250 ## - EDITION STATEMENT
Edition statement 2e éd.
300 ## - PHYSICAL DESCRIPTION
Extent viii-320 p.
300 ## - PHYSICAL DESCRIPTION
Other physical details ill.
650 ## - SUBJECT ADDED ENTRY--TOPICAL TERM
Topical term or geographic name as entry element SANTE ANIMALE
650 ## - SUBJECT ADDED ENTRY--TOPICAL TERM
Topical term or geographic name as entry element PATHOLOGIE
690 ## - LOCAL SUBJECT ADDED ENTRY--TOPICAL TERM (OCLC, RLIN)
Topical term or geographic name as entry element Pathologie animale
Holdings
Withdrawn status Lost status Damaged status Not for loan Location (home branch) Sublocation or collection (holding branch) Date acquired Koha issues (times borrowed) Koha full call number Koha date last seen Copy number Price effective from Koha item type Public note
        Bibliothèque-Centre de Documentation de la Faculté des Sciences Agronomiques Bibliothèque-Centre de Documentation de la Faculté des Sciences Agronomiques     PA.1983.023 28/02/2009 1 28/02/2009 Livre A.3518


© 2008, Bibliothèques de l'Université d'Abomey-Calavi

04 BP 789 Cotonou, Tél. : +229 21 36 01 01, Fax : +229 21 35 06 32

Courriel : bu@bu.uac.bj